[Event "AUTO-INT-1030"]
[Site "http://www.queenalice.com/game.php?id=460367"]
[Date "2008.9.8"]
[Round "1"]
[White "superhomem222"]
[Black "lebaracaldoAlucard"]
[Result "0-1"]
[WhiteElo "1489"]
[BlackElo "1765"]

1. b3 e5 2. Bb2 Nc6 3. g3 d5 4. Bg2 Nf6 5. h3 Bd6 6. a3 O-O 7. e3 e4 8. d3 Be5
9. c3 Bf5 10. d4 Bd6 11. f4 exf3 12. Qxf3 Be4 13. Qf2 Nh5 14. Bxe4 Bxg3 15. Bf3
Bxf2+ 16. Kxf2 Qh4+ 17. Kg2 Qg3+ 18. Kf1 Nf6 19. Nd2 Ne7 20. Ne2 Qd6 21. c4 c6
22. c5 Qc7 23. b4 Nf5 24. Rg1 Nxe3+ 25. Kf2 Rfe8 26. Ng3 Qf4 27. Ne2 Qh2+ 28.
Bg2 Re7 29. Nf3 Qc7 30. Ne5 Nc4 31. Nxc4 Rae8 32. Nd6 Rxe2+ 33. Kg3 Rxb2 0-1

[Event "AUTO-INT-1030"]
[Site "http://www.queenalice.com/game.php?id=460368"]
[Date "2008.9.8"]
[Round "1"]
[White "lebaracaldoAlucard"]
[Black "Romerflu"]
[Result "1-0"]
[WhiteElo "1741"]
[BlackElo "1528"]

1. e4 e5 2. Nf3 d6 3. h3 Nf6 4. Nc3 Nc6 5. Bb5 Bd7 6. Bxc6 Bxc6 7. d3 d5 8. exd5
Bxd5 9. Nxd5 Qxd5 10. O-O a5 11. Re1 e4 12. c4 Qc6 13. Nd4 Qc5 14. Qa4+ c6 15.
Be3 Qd6 16. Nf5 Qxd3 17. Rad1 b5 18. Rxd3 bxa4 19. Rdd1 g6 20. Nd6+ Bxd6 21. Bd4
Ke7 22. Bxf6+ Kxf6 23. Rxd6+ Ke7 24. Rxc6 Kd7 25. Rc5 Kd6 26. Rd5+ Kc6 27. Rxe4
Rhe8 28. Rxe8 Rxe8 29. Rxa5 Re2 30. Rxa4 Rxb2 31. Ra7 Kc5 32. Rxf7 Rxa2 33. Rxh7
Kxc4 34. Rg7 Ra1+ 35. Kh2 Kd4 36. Rxg6 Ke4 37. Rf6 Rf1 38. Rf3 Ra1 39. h4 Ra5
40. Kh3 Rh5 41. g4 Rxh4+ 42. Kxh4 Kxf3 43. g5 Kxf2 44. g6 Kf3 45. g7 Kf4 46.
g8=Q Ke4 47. Qd8 Ke5 48. Kg5 Ke6 49. Kf4 Kf7 50. Qd6 Kg7 51. Kf5 Kf7 52. Qd7+
Kf8 53. Kf6 Kg8 54. Qg7# 1-0

[Event "AUTO-INT-1030"]
[Site "http://www.queenalice.com/game.php?id=460369"]
[Date "2008.9.8"]
[Round "1"]
[White "Romerflu"]
[Black "lebaracaldoAlucard"]
[Result "0-1"]
[WhiteElo "1533"]
[BlackElo "1684"]

1. e4 c5 2. Bc4 a6 3. Qf3 e6 4. e5 g6 5. c3 Bg7 6. d4 cxd4 7. cxd4 Ne7 8. Bg5
O-O 9. Bxe7 Qxe7 10. Nh3 Qb4+ 11. Nd2 Bh6 12. Qd3 Bxd2+ 13. Qxd2 Qxc4 14. b3 Qb5
15. Qh6 Qb4+ 16. Kd1 Qxd4+ 17. Ke2 Qxe5+ 18. Kd1 Qxa1+ 19. Ke2 Qg7 20. Qxg7+
Kxg7 21. Ng5 Nc6 22. Rd1 d5 23. Nf3 b5 24. h4 Bb7 25. Ne5 Nxe5 26. g3 Rfd8 27.
f3 d4 28. f4 Bf3+ 29. Ke1 Bxd1 30. Kxd1 Nf3 31. g4 d3 32. h5 Rac8 33. hxg6 d2
34. f5 Rc1+ 35. Ke2 d1=Q+ 36. Ke3 Qd3+ 37. Kf4 Rg1 38. a4 Rd4# 0-1

[Event "AUTO-OPEN-1258"]
[Site "http://www.queenalice.com/game.php?id=460623"]
[Date "2008.9.9"]
[Round "1"]
[White "Adinirso"]
[Black "lebaracaldoAlucard"]
[Result "1-0"]
[WhiteElo "1669"]
[BlackElo "1706"]

1. e4 c5 2. Nc3 a6 3. Nf3 Nc6 4. a3 g6 5. Bc4 Bg7 6. d3 d6 7. Ng5 e6 8. O-O Nf6
9. Be3 b5 10. Bb3 Ne5 11. h3 O-O 12. Ba2 Bb7 13. f3 c4 14. d4 Ned7 15. h4 e5 16.
dxe5 dxe5 17. b4 Nh5 18. Bc5 Nxc5 19. bxc5 Rc8 20. Qd6 Qxd6 21. cxd6 Rfd8 22.
Rfd1 Nf6 23. g3 Bh6 24. Rd2 Rd7 25. Rdd1 Bxg5 26. hxg5 Ne8 27. Rd2 Rxd6 28. Rxd6
Nxd6 29. Re1 Ne8 30. f4 exf4 31. gxf4 Nd6 32. e5 Nf5 33. a4 Nd4 34. axb5 Nf3+
35. Kf2 Nd4 36. bxa6 Bxa6 37. Nd5 Kf8 38. c3 Ne6 39. Re4 Nc5 40. Rd4 Rd8 41. Ke3
Ne6 42. Rd2 Ng7 43. Ke4 Bb7 44. Bxc4 Nh5 45. Rh2 Bxd5+ 46. Bxd5 Ng3+ 47. Kd4
Nf5+ 48. Ke4 Ng3+ 49. Kd4 Nf5+ 50. Kc5 Rc8+ 51. Bc6 Kg7 52. c4 1-0

[Event "AUTO-OPEN-1258"]
[Site "http://www.queenalice.com/game.php?id=460624"]
[Date "2008.9.9"]
[Round "1"]
[White "lebaracaldoAlucard"]
[Black "Adinirso"]
[Result "1-0"]
[WhiteElo "1775"]
[BlackElo "1650"]

1. e4 e5 2. Nf3 Nc6 3. Bb5 Nge7 4. Bxc6 Nxc6 5. d4 Bb4+ 6. c3 Bd6 7. d5 Ne7 8.
O-O h6 9. Nbd2 O-O 10. Nc4 Ng6 11. Nxd6 cxd6 12. Be3 b6 13. b4 Ba6 14. Re1 Qc8
15. Qa4 Bd3 16. Rac1 Bxe4 17. b5 Bxf3 18. gxf3 Re8 19. Kh1 Qb7 20. c4 Rac8 21.
Qb3 Ra8 22. a4 Rac8 23. Bd2 Ne7 24. a5 bxa5 25. Bxa5 Rc5 26. Rb1 Rb8 27. Bb4
Rcc8 28. Bxd6 Re8 29. Bxb8 Qxb8 30. Qb4 d6 31. b6 axb6 32. Qxb6 Qxb6 33. Rxb6
Rd8 34. Reb1 f6 35. Rb8 Rxb8 36. Rxb8+ Kf7 37. Rb6 Nc8 38. Rb7+ Ne7 39. c5 Kf8
40. cxd6 Nxd5 41. Rb8+ Kf7 42. d7 1-0

[Event "AUTO-OPEN-1258"]
[Site "http://www.queenalice.com/game.php?id=460649"]
[Date "2008.9.9"]
[Round "1"]
[White "lebaracaldoAlucard"]
[Black "josecastroman"]
[Result "1/2-1/2"]
[WhiteElo "1714"]
[BlackElo "1888"]

1. e4 e5 2. Nf3 Nc6 3. Bb5 Qf6 4. Bxc6 dxc6 5. d4 Bd6 6. dxe5 Bxe5 7. Nxe5 Qxe5
8. O-O Nf6 9. Nc3 O-O 10. Re1 Bg4 11. Qd2 Rad8 12. Qf4 Qxf4 13. Bxf4 Rd7 14. e5
Nd5 15. Nxd5 cxd5 16. Re3 Re8 17. Rae1 c6 18. Rg3 Bf5 19. c3 Rde7 20. Bh6 Bg6
21. Bg5 Rxe5 22. Rxe5 Rxe5 23. Re3 Rxe3 24. Bxe3 a6 25. a4 Bc2 26. a5 Bb3 27. f4
f5 28. h4 h5 29. Bd4 g6 30. Kf2 Bc2 31. b4 Kf7 32. Be5 Be4 33. g3 Ke6 34. Ke3
Kd7 35. Kd4 Bc2 36. Kc5 1/2-1/2

[Event "AUTO-OPEN-1258"]
[Site "http://www.queenalice.com/game.php?id=460650"]
[Date "2008.9.9"]
[Round "1"]
[White "josecastroman"]
[Black "lebaracaldoAlucard"]
[Result "1/2-1/2"]
[WhiteElo "1896"]
[BlackElo "1721"]

1. e4 c5 2. Nf3 a6 3. a3 Nc6 4. Bc4 g6 5. Nc3 Bg7 6. h3 d6 7. d3 Nf6 8. Bg5 O-O
9. Qd2 b5 10. Bb3 Nd7 11. O-O-O Nde5 12. Bh6 Bxh6 13. Qxh6 Nxf3 14. gxf3 e6 15.
Rdg1 Qf6 16. Rg5 Qg7 17. Qh4 Ne5 18. Qf4 c4 19. dxc4 bxc4 20. Ba2 h6 21. Rg2 g5
22. Qe3 Bb7 23. h4 f6 24. hxg5 fxg5 25. f4 Rxf4 26. Rhg1 Raf8 27. Kd1 Rf3 28.
Qe2 Qf6 29. Ke1 g4 30. Nd1 d5 31. Rg3 h5 32. exd5 exd5 33. Bb1 Rxg3 34. Rxg3
Nf3+ 35. Kf1 Nh2+ 36. Kg1 Nf3+ 37. Kf1 Nh2+ 1/2-1/2

[Event "AUTO-ADV-1031"]
[Site "http://www.queenalice.com/game.php?id=510082"]
[Date "2008.12.19"]
[Round "2"]
[White "E62576507"]
[Black "lebaracaldoAlucard"]
[Result "1-0"]
[WhiteElo "2003"]
[BlackElo "1757"]

1. e4 c5 2. Nc3 g6 3. f4 e6 4. g3 Bg7 5. Nge2 Ne7 6. Bg2 d6 7. O-O Nbc6 8. d3
O-O 9. Be3 b6 10. h3 d5 11. e5 d4 12. Bxd4 cxd4 13. Nb5 Bd7 14. Nexd4 Rb8 15.
Nxc6 Nxc6 16. Bxc6 1-0

[Event "AUTO-ADV-1031"]
[Site "http://www.queenalice.com/game.php?id=510083"]
[Date "2008.12.19"]
[Round "2"]
[White "lebaracaldoAlucard"]
[Black "E62576507"]
[Result "0-1"]
[WhiteElo "1764"]
[BlackElo "1996"]

1. e4 c5 2. Nf3 e6 3. Nc3 Nc6 4. Bb5 Nge7 5. O-O a6 6. Bxc6 Nxc6 7. d3 b5 8. a3
Bb7 9. e5 Be7 10. Be3 Qc7 11. Bf4 O-O 12. d4 cxd4 13. Nxd4 Nxd4 14. Qxd4 Bc5 15.
Qd2 Qc6 0-1

[Event "AUTO-ADV-1031"]
[Site "http://www.queenalice.com/game.php?id=510084"]
[Date "2008.12.19"]
[Round "2"]
[White "darewing"]
[Black "lebaracaldoAlucard"]
[Result "1-0"]
[WhiteElo "2238"]
[BlackElo "1766"]

1. e4 c5 2. Nf3 g6 3. d4 cxd4 4. Nxd4 Bg7 5. Nc3 a6 6. Be3 Nc6 7. Bc4 e6 8. Nxc6
bxc6 9. Bd4 Nf6 10. e5 Nh5 11. Ne4 O-O 12. O-O Nf4 13. Qd2 Nd5 14. f4 Bh6 15.
Bxd5 cxd5 16. Nf6+ Kh8 17. Rf3 d6 18. Rh3 Kg7 19. f5 1-0

[Event "AUTO-ADV-1031"]
[Site "http://www.queenalice.com/game.php?id=510085"]
[Date "2008.12.19"]
[Round "2"]
[White "lebaracaldoAlucard"]
[Black "darewing"]
[Result "0-1"]
[WhiteElo "1708"]
[BlackElo "2275"]

1. e4 d6 2. Nf3 c5 3. d4 cxd4 4. Nxd4 Nf6 5. Nc3 a6 6. Be3 e6 7. Bd3 b5 8. b4
Bb7 9. O-O d5 10. e5 Ne4 11. a3 Nxc3 12. Qd2 Qc7 13. Bf4 Be7 14. Ne2 Ne4 15.
Bxe4 dxe4 16. Rfd1 Nc6 17. Qc3 O-O 18. Nd4 Rad8 19. Rd2 Rd7 20. Rad1 Nxd4 21.
Qxc7 Rxc7 0-1